Fermentačná príprava kyseliny jantárovej diplomová práca

Gespeichert in:
Bibliographische Detailangaben
1. Verfasser: Gamanová, Martina
Format: Buch
Sprache:Slowakisch
Veröffentlicht: Bratislava STU FCHPT 2017
Online-Zugang:Im OPAC anzeigen
Tags: Tag hinzufügen
Keine Tags, Fügen Sie das erste Tag hinzu!

MARC

LEADER 00000nam a2200000 a 4500
005 20260127134202.0
008 170623 2017 xo 001 0 slo d
035 |a vtls011698819 
039 9 |y 201706230948  |z mschk03 
040 |a STUSCHK1  |b slo  |c STUSCHK1  |e AACR2 
100 1 |a Gamanová, Martina 
245 1 |a Fermentačná príprava kyseliny jantárovej  |b diplomová práca  |c Martina Gamanová 
260 |a Bratislava  |b STU FCHPT  |c 2017 
300 |a 87 s.  |b il.,  |c 25 cm 
500 |a Študijný program: biotechnológia 
500 |a Študijný odbor: biotechnológie 
500 |a Školiace pracovisko: Ústav biotechnológie 
500 |a Evid. číslo: FCHPT-5421-60681 
910 |a SCHK95 
999 |c 6145  |d 6145